LEADER 01467nam 2200361Ia 450 001 996383081703316 005 20221108060618.0 035 $a(CKB)1000000000591195 035 $a(EEBO)2264201197 035 $a(OCoLC)09649203 035 $a(EXLCZ)991000000000591195 100 $a19830627d1692 uy | 101 0 $aeng 135 $aurbn||||a|bb| 200 14$aThe whole duty of man$b[electronic resource] $elaid down in a plain and familiar way for the use of all, but especially the meanest reader : divided into XVII chapters, one whereof being read every Lord's day, the whole may be read over thrice in the year with private devotions for several occasions 210 $aLondon $cPrinted by R. Norton for Edward Pawlet$d1692 215 $a[22], 472, [8] p 300 $a"Necessary for all families." 300 $aPublished anonymously, and variously attributed to Lady Dorothy Pakington, Archbishop Sterne, Bishop John Fell, and others, although now generally attributed to Richard Allestree--DNB. 300 $aReproduction of original in the Bodleian Library. 330 $aeebo-0014 606 $aChristian life 606 $aDevotional exercises 615 0$aChristian life. 615 0$aDevotional exercises. 700 $aAllestree$b Richard$f1619-1681.$0793142 801 0$bEEU 801 1$bEEU 801 2$bWaOLN 906 $aBOOK 912 $a996383081703316 996 $aThe whole duty of man$92320856 997 $aUNISA LEADER 01029nam a2200253 i 4500 001 991002909059707536 008 071008s2007 it 000 0 ita d 020 $a8814128006 035 $ab13600199-39ule_inst 040 $aDip.to Studi Giuridici$bita 082 0 $a346.45043302648 100 1 $aPalmieri, Germano $0246460 245 10$aCondominio e responsabilità :$brepertorio di casi concreti risolti alla luce della normativa e della più recente giurisprudenza /$cGermano Palmieri 260 $aMilano :$bGiuffrè,$c[2007] 300 $axxi, 504 p. ;$c24 cm 440 0$aCosa & come.$pCasa e territorio 650 4$aCondomini$xResponsabilità civile 650 4$aCondominio$xGiurisprudenza 907 $a.b13600199$b02-04-14$c08-10-07 912 $a991002909059707536 945 $aLE027 346.04 PAL01.01$g1$i2027000134144$lle027$o-$pE43.00$q-$rl$sm $t0$u1$v0$w1$x0$y.i14574196$z08-10-07 996 $aCondominio e responsabilita$91024714 997 $aUNISALENTO 998 $ale027$b08-10-07$cm$da $e-$fita$git $h0$i0